Statistics for Click the Chemical Element #2

Click here to take the quiz!

General Stats

  • This quiz has been taken 4,459 times
  • The average score is 20 of 25

Answer Stats

HintAnswer% Correct
HeHelium
99%
OOxygen
99%
HHydrogen
94%
InIndium
94%
BaBarium
92%
PdPalladium
91%
BBoron
90%
ReRhenium
90%
CnCopernicium
89%
MgMagnesium
89%
CoCobalt
88%
PuPlutonium
88%
BrBromine
87%
MnManganese
87%
SgSeaborgium
87%
RnRadon
84%
TlThallium
81%
CmCurium
80%
HgMercury
75%
RhRhodium
71%
RaRadium
63%
AtAstatine
62%
AsArsenic
57%
TmThulium
52%
SbAntimony
37%

Score Distribution

Percentile by Number Answered

Percent of People with Each Score

Your Score History

You have not taken this quiz